000 01045nam a2200265 i 4500
001 6714
003 ES-MaACL
005 20250814055359.0
007 t|
008 900301m19881989mx e 00110 spa
080 _a061.236.6(031)
100 1 _aFrau Abrines, Lorenzo.
_952390
245 1 0 _aDiccionario enciclopédico de la Masonería /
_cescrito y ordenado por Lorenzo Frau Abrines ; y publicado bajo la dirección de Rosendo Arús y Arderiu.
250 _aEd. corr. y aum. /
_bpor Luis Almeida (Villalar).
260 _aMéxico :
_bEditorial del Valle de México,
_c1988-1989.
300 _a5 v. :
_bil. ;
_c23 cm.
505 8 _aContiene: I. A-K - II. L-Richter - III. Riego-Z - IV-V. Historia general de la Francmasonería
610 2 4 _aMasonería-
_vDiccionarios.
_95660
610 2 4 _aMasonería-
_vHistoria
_95668
700 1 _aArús y Arderiu, Rosendo.
_923512
700 1 _aAlmeida Villalar, Luis.
_920126
740 0 2 _aHistoria general de la Francmasonería.
852 4 _aES-MaACL
_jL-13885-89
999 _c6714
_d6714